[Event "Madrid-ch sf-B"]
[Site "Madrid"]
[Date "2010.01.30"]
[Round "9"]
[White "Argente Rodriguez, Juan Jose"]
[Black "Fernandez Lledo, Javier"]
[Result "1-0"]
[WhiteElo "2128"]
[BlackElo "2064"]
[PlyCount "67"]
[EventDate "2010.01.08"]
[EventType "swiss"]
[EventRounds "9"]
[EventCountry "ESP"]
[SourceTitle "CBM 134 Extra"]
[Source "ChessBase"]
[SourceDate "2010.03.03"]
[SourceVersion "1"]
[SourceVersionDate "2010.03.03"]
[SourceQuality "1"]

1. Nf3 Nf6 2. c4 g6 3. b4 Bg7 4. Bb2 0-0 5. g3 d6 6. Bg2 e5 7. d3 c6 8. 0-0 Qb6 9. Qc2 Nbd7 10. Bc3 Re8 11. Nbd2 d5 12. e4 Qc7 13. cxd5 cxd5 14. Rfc1 Qd6 15. a4 Qe7 16. b5 b6 17. Bb2 Bb7 18. Ba3 Qd8 19. Qc7 Rb8 20. Qxd8 Rexd8 21. Bd6 Rbc8 22. Nxe5 Nxe4 23. dxe4 Nxe5 24. Be7 Re8 25. Rxc8 Bxc8 26. Rc1 Nd3 27. Rc7 Bd4 28. exd5 Nxf2 29. Nb3 Be3 30. Kf1 Bf5 31. Ke2 Bg5 32. d6 Ne4 33. Bxe4 Bxe4 34. Bxg5 1-0

[Event "Madrid-ch sf-B"]
[Site "Madrid"]
[Date "2010.01.09"]
[Round "2"]
[White "Alcazar Jimenez, Jesus Alberto"]
[Black "Argente Rodriguez, Juan Jose"]
[Result "1-0"]
[WhiteElo "2249"]
[BlackElo "2128"]
[PlyCount "39"]
[EventDate "2010.01.08"]
[EventType "swiss"]
[EventRounds "9"]
[EventCountry "ESP"]
[SourceTitle "CBM 134 Extra"]
[Source "ChessBase"]
[SourceDate "2010.03.03"]
[SourceVersion "1"]
[SourceVersionDate "2010.03.03"]
[SourceQuality "1"]

1. e4 c5 2. Nf3 d6 3. d4 cxd4 4. Nxd4 Nf6 5. Nc3 a6 6. Bg5 e6 7. f4 Nbd7 8. Qf3 Qc7 9. 0-0-0 b5 10. Bxf6 Nxf6 11. e5 Bb7 12. Bxb5+ axb5 13. Ndxb5 Qb6 14. Rxd6 Bxf3 15. Rxb6 Nd5 16. Nxd5 Bxd5 17. Nc7+ Kd7 18. Nxa8 Bc5 19. Rd6+ Bxd6 20. Nb6+ 1-0

[Event "Madrid-ch sf-B"]
[Site "Madrid"]
[Date "2010.01.08"]
[Round "1"]
[White "Argente Rodriguez, Juan Jose"]
[Black "Madurga Lopez, Ignacio"]
[Result "1-0"]
[WhiteElo "2128"]
[BlackElo "1913"]
[PlyCount "61"]
[EventDate "2010.01.08"]
[EventType "swiss"]
[EventRounds "9"]
[EventCountry "ESP"]
[SourceTitle "CBM 134 Extra"]
[Source "ChessBase"]
[SourceDate "2010.03.03"]
[SourceVersion "1"]
[SourceVersionDate "2010.03.03"]
[SourceQuality "1"]

1. c4 e5 2. g3 Nc6 3. Bg2 g6 4. Nc3 Bg7 5. e4 d6 6. Nge2 f5 7. d3 Nh6 8. h4 Be6 9. Nd5 Nf7 10. Be3 0-0 11. Qd2 Nd4 12. h5 g5 13. f4 h6 14. 0-0-0 c6 15. Ndc3 Qa5 16. Kb1 b5 17. cxb5 Nxe2 18. Qxe2 fxe4 19. dxe4 cxb5 20. Nd5 exf4 21. gxf4 gxf4 22. Bxf4 Ne5 23. Bd2 Qa6 24. Bh3 Bxd5 25. exd5 Rae8 26. Rhg1 Kh8 27. Rxg7 Kxg7 28. Rg1+ Kf7 29. Bxh6 Rg8 30. Be6+ Rxe6 31. dxe6+ 1-0

[Event "Parla 25 Jubilee op"]
[Site "Parla"]
[Date "2008.09.13"]
[Round "8"]
[White "Tirado Parra, Alberto"]
[Black "Argente Rodriguez, Juan Jose"]
[Result "0-1"]
[WhiteElo "1983"]
[BlackElo "2129"]
[PlyCount "74"]
[EventDate "2008.09.06"]
[EventType "swiss"]
[EventRounds "9"]
[EventCountry "ESP"]
[SourceTitle "CBM 126 Extra"]
[Source "ChessBase"]
[SourceDate "2008.11.05"]
[SourceVersion "1"]
[SourceVersionDate "2008.11.05"]
[SourceQuality "1"]

1. e4 c5 2. Nc3 Nc6 3. g3 g6 4. Bg2 Bg7 5. Nge2 Nf6 6. 0-0 d6 7. d3 0-0 8. h3 Rb8 9. Be3 Bd7 10. Qd2 Re8 11. f4 b5 12. f5 b4 13. Nd1 Ne5 14. g4 h5 15. gxh5 Nxh5 16. Bh6 Qc8 17. Nf2 f6 18. fxg6 Kh8 19. Kh2 Rg8 20. Rg1 Bf8 21. Bh1 Qe8 22. g7+ Bxg7 23. Bxg7+ Rxg7 24. Rxg7 Kxg7 25. Rg1+ Kh7 26. Nf4 Nxf4 27. Qxf4 Qh5 28. Qg3 Qh6 29. c3 Be6 30. Nd1 Rg8 31. Qe3 Qxe3 32. Nxe3 Rxg1 33. Kxg1 Nxd3 34. cxb4 cxb4 35. b3 Nc1 36. Nd5 Bxd5 37. exd5 Nxa2 0-1

[Event "Parla 25 Jubilee op"]
[Site "Parla"]
[Date "2008.09.11"]
[Round "6"]
[White "Tsebrovskyy, Roman"]
[Black "Argente Rodriguez, Juan Jose"]
[Result "0-1"]
[WhiteElo "1863"]
[BlackElo "2129"]
[PlyCount "48"]
[EventDate "2008.09.06"]
[EventType "swiss"]
[EventRounds "9"]
[EventCountry "ESP"]
[SourceTitle "CBM 126 Extra"]
[Source "ChessBase"]
[SourceDate "2008.11.05"]
[SourceVersion "1"]
[SourceVersionDate "2008.11.05"]
[SourceQuality "1"]

1. e4 e5 2. Nf3 Nf6 3. Bc4 Nxe4 4. Nc3 Nxc3 5. dxc3 c6 6. Nxe5 d5 7. 0-0 Be7 8. Bd3 Nd7 9. Nxd7 Bxd7 10. Qh5 Be6 11. Re1 Qd7 12. a4 0-0-0 13. b4 Bf6 14. Bd2 Bg4 15. Bf5 Qxf5 16. Qxf5+ Bxf5 17. Rec1 Rhe8 18. Kf1 d4 19. c4 d3 20. c3 Re2 21. Ra2 Be6 22. b5 Bxc4 23. Rb2 Bg5 24. b6 a5 0-1